Islands in F.S. Micronesia - Statistics

General Stats
  • This quiz has been taken 71 times
  • The average score is 3 of 5
Answer Stats
Hint Answer % Correct
Island Yap
83%
Island Pohnpei
78%
Island Chuuk
73%
Archipelago Caroline
44%
Archipelago Micronesia
27%
No matching quizzes found
Score Distribution
Percent of People with Each Score
Percentile by Number Answered
Your Score History
You have not taken this quiz